Cultura y género : (Registro nro. 742)
[ vista simple ]
| 000 -LEADER | |
|---|---|
| campo de control de longitud fija | 00916nam a22002657a 4500 |
| 001 - NÚMERO DE CONTROL | |
| campo de control | 742 |
| 003 - IDENTIFICADOR DE NÚMERO DE CONTROL | |
| campo de control | gttocutb |
| 005 - FECHA Y HORA DE LA ÚLTIMA TRANSACCIÓN | |
| campo de control | 20250729183519.0 |
| 007 - CAMPO FIJO DE DESCRIPCIÓN FÍSICA--INFORMACIÓN GENERAL | |
| campo de control de longitud fija | ta |
| 008 - DATOS DE LONGITUD FIJA--INFORMACIÓN GENERAL | |
| campo de control de longitud fija | 250729e2010 gt adb|| |||| 001 0 spa|d |
| 020 ## - NÚMERO INTERNACIONAL ESTÁNDAR DEL LIBRO | |
| Número Internacional Estándar del Libro | 9789929571150 |
| 040 ## - FUENTE DE CATALOGACIÓN | |
| Centro catalogador/agencia de origen | gttocutb |
| Lengua de catalogación | spa |
| Centro/agencia transcriptor | gttocutb |
| Centro/agencia modificador | gttocutb |
| Normas de descripción | rda |
| 082 0# - NÚMERO DE LA CLASIFICACIÓN DECIMAL DEWEY | |
| Número de clasificación | 306 C968 |
| 100 1# - ENTRADA PRINCIPAL--NOMBRE DE PERSONA | |
| Nombre de persona | Jocon González, María Estela. |
| Títulos y otros términos asociados al nombre | (autor) |
| 245 ## - MENCIÓN DEL TÍTULO | |
| Título | Cultura y género : |
| Resto del título | Ri b'antajilal xuquje' ri ixoqachilal / |
| Mención de responsabilidad, etc. | María Estela Jocon González, autor; Pedro Us, traductor. |
| 264 ## - PRODUCCIÓN, PUBLICACIÓN, DISTRIBUCIÓN, FABRICACIÓN Y COPYRIGHT | |
| Producción, publicación, distribución, fabricación y copyright | Guatemala |
| Nombre del de productor, editor, distribuidor, fabricante | ESEDIR-PRODESSA |
| Fecha de producción, publicación, distribución, fabricación o copyright | 2010 |
| 300 1# - DESCRIPCIÓN FÍSICA | |
| Extensión | 92 páginas : |
| Otras características físicas | ilustraciones y mapas en negro y blanco; |
| Dimensiones | 27 cm |
| 336 ## - TIPO DE CONTENIDO | |
| Fuente | rdacontenido |
| Término de tipo de contenido | texto |
| Código de tipo de contenido | txt |
| 337 ## - TIPO DE MEDIO | |
| Fuente | rdamedio |
| Nombre/término del tipo de medio | sin mediación |
| Código del tipo de medio | n |
| 338 ## - TIPO DE SOPORTE | |
| Fuente | rdasoporte |
| Nombre/término del tipo de soporte | volumen |
| Código del tipo de soporte | nc |
| 505 0# - NOTA DE CONTENIDO CON FORMATO | |
| Información miscelánea | Tabla de contenidos: |
| 521 1# - NOTA DE PÚBLICO DESTINATARIO | |
| Nota de público destinatario | Recomendado para público en general. |
| 650 1# - PUNTO DE ACCESO ADICIONAL DE MATERIA--TÉRMINO DE MATERIA | |
| Fuente del encabezamiento o término | LEMB |
| Término de materia o nombre geográfico como elemento de entrada | Educación. Cultura. Identidad. |
| 942 ## - ELEMENTOS DE ENTRADA SECUNDARIOS (KOHA) | |
| Fuente de la clasificación o esquema de estantería | Clasificación Decimal Dewey |
| Tipo de ítem Koha | Libros |
| Suprimir en OPAC | No |
| Estatus retirado | Estado de pérdida | Fuente de la clasificación o esquema de estantería | Estado de daño | No para préstamo | Colección | Biblioteca de origen | Biblioteca actual | Fecha de adquisición | Fuente de adquisición | Información codificada de la localización en otra ubicación | Total de préstamos | Signatura topográfica completa | Visto por última vez | Precio de reemplazo | Tipo de ítem Koha |
|---|---|---|---|---|---|---|---|---|---|---|---|---|---|---|---|
| Clasificación Decimal Dewey | general | BIBLIOTECA CUNTOTO | BIBLIOTECA CUNTOTO | 04/06/2012 | donación | 747 | 306 C968 c1 | 29/07/2025 | 29/07/2025 | Libros | |||||
| Clasificación Decimal Dewey | general | BIBLIOTECA CUNTOTO | BIBLIOTECA CUNTOTO | 04/06/2012 | donación | 553 | 306 C968 | 29/07/2025 | 29/07/2025 | Libros | |||||
| Clasificación Decimal Dewey | general | BIBLIOTECA CUNTOTO | BIBLIOTECA CUNTOTO | 04/06/2012 | donación | 747 | 306 C968 c2 | 29/07/2025 | 29/07/2025 | Libros |